00681nam a2200181 a 450000100100000000500170001000800410002704000250006808200150009310000170010824501400012526000790026530000290034450000420037350400270041570000190044270000380046100002413220241030114426.0110119s1998 dr a 000 0 spa d aDO-SdBNPbspacBNPHU axxxbD812c1 aDuarte, Isis13aLa cultura política dominicana :bentre el paternalismo y la participación /cIsis Duarte, Ramonina Brea, Ramón Tejada Holguín. aSanto Domingo :bPontificia Universidad Católica Madre y Maestra,c1998. a91 p. :bgraf. ;c29 cm. aIncluye notas al pie de las páginas aBibliografía : 87-911 aBrea, Ramonina1 aTejada Holguín, Ramón,d1961-